000 00526 a2200169 4500
005 20251231130342.0
008 251231b |||||||| |||| 00| 0 eng d
020 _a9789819677177
082 _a720.4/SIV
100 _aSiva J Ed.
_9216123
245 _aBest Practices In Sustainable Built Environments: Case Studies From India And Australia
260 _bSpringer
_c2025
_aSingapore
300 _a418p
_bHB
500 _aSustainable Environment
700 _aVaughan J Ed.
_aVerma S Ed.
_aKochhar P Ed.
_9216124
942 _cRF
999 _c369644
_d369644